000 00334nam a22001337a 4500
008 180213b xxu||||| |||| 00| 0 eng d
020 _a9780871568656
041 _aeng
080 _a33
100 _a52
101 _aEKO
245 _aThe case against the global economy and for a turn toward the local
_cMander,J
942 _2udc
_cBK
999 _c42427
_d42427